Felsőoktatási kollégiumok zsúfoltság és összkomfort. Minden szinten szinte minden?
Elmentve itt :
| Dokumentumtípus: | Cikk |
|---|---|
| Megjelent: |
1999-10-05
|
| Sorozat: | Délmagyarország
89 No. 232 |
| Kulcsszavak: | Kollégiumok |
| Online Access: | http://dmarchiv.bibl.u-szeged.hu/80522 |
| LEADER | 00460nab a2200145 i 4500 | ||
|---|---|---|---|
| 001 | delm80522 | ||
| 005 | 20191022130039.0 | ||
| 008 | 191022s1999 hu o 0|| hun d | ||
| 040 | |a SZTE Délmagyarország Archívum |b hun | ||
| 041 | |a hun | ||
| 245 | 0 | 0 | |a Felsőoktatási kollégiumok |h [elektronikus dokumentum] : |b zsúfoltság és összkomfort. Minden szinten szinte minden? |
| 260 | |c 1999-10-05 | ||
| 300 | |a 7 | ||
| 490 | 0 | |a Délmagyarország |v 89 No. 232 | |
| 695 | |a Kollégiumok | ||